अकबर बिरबल (Record no. 56106)

MARC details
000 -LEADER
fixed length control field 00419nam a2200169Ia 4500
008 - FIXED-LENGTH DATA ELEMENTS--GENERAL INFORMATION
fixed length control field 090123s9999 xx 000 0 und d
082 ## - DEWEY DECIMAL CLASSIFICATION NUMBER
Item number 18046
100 ## - MAIN ENTRY--PERSONAL NAME
Personal name शक्ति
245 ## - TITLE STATEMENT
Title अकबर बिरबल
250 ## - EDITION STATEMENT
Edition statement 0
300 ## - PHYSICAL DESCRIPTION
Extent 63
600 ## - SUBJECT ADDED ENTRY--PERSONAL NAME
Personal name शक्ति
630 ## - SUBJECT ADDED ENTRY--UNIFORM TITLE
Uniform title अकबर बिरबल
700 ## - ADDED ENTRY--PERSONAL NAME
Personal name शक्ति
730 ## - ADDED ENTRY--UNIFORM TITLE
Uniform title अकबर बिरबल
942 ## - ADDED ENTRY ELEMENTS (KOHA)
Koha item type Book
Holdings
Withdrawn status Lost status Damaged status Not for loan Home library Current library Date acquired Cost, normal purchase price Total Checkouts Full call number Barcode Date last seen Cost, replacement price Price effective from Koha item type
        Jawahar Wachalanalaya, Kalwa Jawahar Wachalanalaya, Kalwa 03/31/2002 7.00   18046 KLW-18046 01/23/2009 7.00 01/23/2009 Book